[Event "BUL-chT rapid 70th"]
[Site "Primorsko"]
[Date "2020.09.08"]
[Round "4.2"]
[White "Mitev, Valentin"]
[Black "Shishkov, Minko"]
[Result "0-1"]
[WhiteElo "2194"]
[BlackElo "2268"]
[PlyCount "76"]
[EventDate "2020.09.08"]
[EventType "team-tourn (rapid)"]
[EventRounds "7"]
[EventCountry "BUL"]
[SourceTitle "CBM 198 Extra"]
[Source "ChessBase"]
[SourceDate "2020.11.30"]
[SourceVersion "1"]
[SourceVersionDate "2020.11.30"]
[SourceQuality "1"]
[WhiteTeam "Sofia Levski"]
[BlackTeam "Varna Caissa"]
[WhiteTeamCountry "BUL"]
[BlackTeamCountry "BUL"]

1. d4 d5 2. c4 Bf5 3. Nc3 e6 4. e3 Nf6 5. Nf3 c6 6. Be2 h6 7. Qb3 Qb6 8. c5 Qc7 9. 0-0 Nbd7 10. Bd2 Be7 11. a4 a5 12. Rfc1 0-0 13. Bd1 e5 14. Bc2 e4 15. Ne1 Be6 16. f3 Rfb8 17. fxe4 dxe4 18. Qa3 b6 19. Nxe4 Nxe4 20. Bxe4 bxc5 21. Qc3 Rb3 22. Qc2 Qb6 23. Nd3 c4 24. Nf4 Rxb2 25. Qd1 Nf6 26. Bf3 Bd5 27. Nxd5 cxd5 28. Rxc4 dxc4 29. Bxa8 Bb4 30. Bc1 Rb3 31. Qc2 Bc3 32. Ra3 Qb4 33. Ra2 Bxd4 34. Bd2 Bxe3+ 35. Kf1 Rb1+ 36. Ke2 Bxd2 37. Qxd2 Qe7+ 38. Kf2 Qa7+ 0-1

[Event "EU-ch Online U2300 Qual"]
[Site "Chess.com INT"]
[Date "2020.05.25"]
[Round "4"]
[White "Pavlidou, Ekaterini"]
[Black "Shishkov, Minko"]
[Result "0-1"]
[WhiteElo "2170"]
[BlackElo "2268"]
[PlyCount "40"]
[EventDate "2020.05.25"]
[EventType "swiss"]
[EventRounds "8"]
[EventCountry "NET"]
[SourceTitle "EXT 2021"]
[Source "ChessBase"]
[SourceDate "2020.10.23"]
[SourceVersion "1"]
[SourceVersionDate "2020.10.23"]
[SourceQuality "1"]

1. d4 g6 2. c4 Bg7 3. Nc3 c5 4. d5 Bxc3+ 5. bxc3 f5 6. e4 fxe4 7. f3 e5 8. Qc2 Qh4+ 9. g3 Qe7 10. fxe4 d6 11. Be2 Nd7 12. Nf3 Ndf6 13. Nh4 Bh3 14. Be3 Kf7 15. 0-0-0 Kg7 16. Bf1 Ng4 17. Be2 Nxe3 18. Bf1 Nxc2 19. Be2 Ne3 20. Bf1 Bxf1 0-1

[Event "Sunny Beach VIP op 1st"]
[Site "Sunny Beach"]
[Date "2015.08.23"]
[Round "6"]
[White "Shishkov, Minko"]
[Black "Bukhteeva, Viktoria"]
[Result "1-0"]
[WhiteElo "2272"]
[BlackElo "2186"]
[PlyCount "65"]
[EventDate "2015.08.20"]
[EventType "swiss"]
[EventRounds "7"]
[EventCountry "BUL"]
[SourceTitle "EXT 2016"]
[Source "ChessBase"]
[SourceDate "2015.10.08"]
[SourceVersion "1"]
[SourceVersionDate "2015.10.08"]
[SourceQuality "1"]

1. c4 e5 2. Nc3 Nc6 3. Nf3 f5 4. d3 Bb4 5. Bd2 Bxc3 6. Bxc3 d6 7. g3 Nf6 8. Bg2 0-0 9. 0-0 Qe8 10. e3 Qh5 11. c5 f4 12. cxd6 cxd6 13. exf4 exf4 14. Nd4 Bg4 15. f3 fxg3 16. hxg3 Qc5 17. Qb3+ d5 18. Qb5 Qxb5 19. Nxb5 Bf5 20. Rfd1 Rad8 21. Nd4 Nxd4 22. Bxd4 Rfe8 23. Kf2 h5 24. Rac1 Rc8 25. Bxf6 gxf6 26. f4 d4 27. Bxb7 Rxc1 28. Rxc1 Bxd3 29. Bf3 Rb8 30. b3 Rb5 31. Rd1 Bc2 32. Rxd4 Ra5 33. Rd2 1-0

[Event "BUL-chT2"]
[Site "Sunny Beach"]
[Date "2014.09.22"]
[Round "4.1"]
[White "Tashkov, Rumen"]
[Black "Shishkov, Minko"]
[Result "1/2-1/2"]
[WhiteElo "2207"]
[BlackElo "2293"]
[PlyCount "36"]
[EventDate "2014.09.19"]
[EventType "team-swiss"]
[EventRounds "7"]
[EventCountry "BUL"]
[SourceTitle "EXT 2015"]
[Source "ChessBase"]
[SourceDate "2014.11.20"]
[SourceVersion "1"]
[SourceVersionDate "2014.11.20"]
[SourceQuality "1"]
[WhiteTeam "Vratsa"]
[BlackTeam "Radnevo Maritsa Iztok"]
[WhiteTeamCountry "BUL"]
[BlackTeamCountry "BUL"]

1. d4 g6 2. c4 Bg7 3. Nf3 c5 4. d5 d6 5. g3 b5 6. cxb5 a6 7. bxa6 Nf6 8. Nc3 0-0 9. Bg2 Bxa6 10. 0-0 Nbd7 11. Re1 Qa5 12. Bd2 Rfb8 13. b3 Ne8 14. Qc2 Qa3 15. Bc1 Qb4 16. Bd2 Qa3 17. Bc1 Qb4 18. Bd2 Qa3 1/2-1/2

[Event "BUL-chT2"]
[Site "Sunny Beach"]
[Date "2014.09.21"]
[Round "3.1"]
[White "Ninov, Ventsislav"]
[Black "Shishkov, Minko"]
[Result "1-0"]
[WhiteElo "2303"]
[BlackElo "2293"]
[PlyCount "96"]
[EventDate "2014.09.19"]
[EventType "team-swiss"]
[EventRounds "7"]
[EventCountry "BUL"]
[SourceTitle "EXT 2015"]
[Source "ChessBase"]
[SourceDate "2014.11.20"]
[SourceVersion "1"]
[SourceVersionDate "2014.11.20"]
[SourceQuality "1"]
[WhiteTeam "Lovech"]
[BlackTeam "Radnevo Maritsa Iztok"]
[WhiteTeamCountry "BUL"]
[BlackTeamCountry "BUL"]

1. d4 d5 2. c4 c6 3. Nf3 Nf6 4. e3 Bg4 5. Nc3 e6 6. h3 Bh5 7. Qb3 Qb6 8. c5 Qc7 9. Ne5 Nfd7 10. Nxd7 Nxd7 11. Bd3 e5 12. Bf5 Rd8 13. Bd2 Be7 14. g4 Bg6 15. Qc2 Bf6 16. Bxg6 fxg6 17. 0-0-0 e4 18. h4 g5 19. hxg5 Bxg5 20. f4 Be7 21. Ne2 0-0 22. Rh3 Rf7 23. Rdh1 Nf8 24. f5 Bg5 25. Be1 h6 26. Kb1 Nh7 27. Bg3 Qe7 28. Bd6 Rxd6 29. cxd6 Qxd6 30. Nc1 Nf6 31. Qe2 b6 32. Nb3 c5 33. dxc5 bxc5 34. Rd1 Qb6 35. Rg3 Rd7 36. Qc2 Rc7 37. Qc3 Qd6 38. Rg2 Nd7 39. Rc2 Nb6 40. Nxc5 Na4 41. Qc4 dxc4 42. Rxd6 Rxc5 43. Re6 c3 44. b3 Nb2 45. Rxe4 Nd1 46. Re2 Nxe3 47. R4xe3 c2+ 48. Kc1 Re5 1-0

[Event "BUL-chT GpA 63rd"]
[Site "Sunny Beach"]
[Date "2013.09.23"]
[Round "5.1"]
[White "Ninov, Nikolai"]
[Black "Shishkov, Minko"]
[Result "1-0"]
[WhiteElo "2463"]
[BlackElo "2278"]
[PlyCount "71"]
[EventDate "2013.09.19"]
[EventType "team-tourn"]
[EventRounds "7"]
[EventCountry "BUL"]
[SourceTitle "CBM 156 Extra"]
[Source "ChessBase"]
[SourceDate "2013.10.22"]
[SourceVersion "1"]
[SourceVersionDate "2013.10.22"]
[SourceQuality "1"]
[WhiteTeam "Sofia Lokomotiv"]
[BlackTeam "Radnevo Maritsa Iztok"]
[WhiteTeamCountry "BUL"]
[BlackTeamCountry "BUL"]

1. e4 d5 2. exd5 Qxd5 3. Nc3 Qd6 4. d4 Nf6 5. Nf3 g6 6. Nb5 Qd8 7. c4 c6 8. Nc3 Bg7 9. Bf4 0-0 10. h3 c5 11. d5 a6 12. Be2 b5 13. Nd2 Bb7 14. Bf3 Nbd7 15. 0-0 Nb6 16. Qb3 Qd7 17. Rad1 b4 18. Nce4 Nxe4 19. Nxe4 Rac8 20. Be3 Na4 21. Rb1 h6 22. Bd1 f5 23. Qxa4 Qxa4 24. Bxa4 fxe4 25. Bd7 Rc7 26. Be6+ Kh7 27. b3 Be5 28. Rbe1 Bc3 29. Re2 Rf6 30. Bc1 Bc8 31. Bxc8 Rxc8 32. Rxe4 e5 33. dxe6 Re8 34. Be3 Rfxe6 35. Rxe6 Rxe6 36. Rd1 1-0

[Event "Albena Masters op"]
[Site "Albena"]
[Date "2012.05.29"]
[Round "4"]
[White "Naydenov, Nayden"]
[Black "Shishkov, Minko"]
[Result "1-0"]
[WhiteElo "2068"]
[BlackElo "2293"]
[PlyCount "61"]
[EventDate "2012.05.26"]
[EventType "swiss"]
[EventRounds "9"]
[EventCountry "BUL"]
[SourceTitle "CBM 148 Extra"]
[Source "ChessBase"]
[SourceDate "2012.06.22"]
[SourceVersion "1"]
[SourceVersionDate "2012.06.22"]
[SourceQuality "1"]

1. e4 c5 2. f4 d5 3. exd5 a6 4. Nf3 Nf6 5. g3 Nxd5 6. Bg2 Nc6 7. 0-0 e6 8. Kh1 Be7 9. Nc3 0-0 10. Ne5 Ndb4 11. a3 Nxe5 12. fxe5 Nc6 13. Bxc6 bxc6 14. d3 Rb8 15. Qe2 f5 16. exf6 Rxf6 17. Bf4 Rxb2 18. Be5 Rf5 19. g4 Rxe5 20. Qxe5 Bf6 21. Qf4 h6 22. Ne4 Be7 23. Rf2 c4 24. Raf1 cxd3 25. cxd3 Rxf2 26. Nxf2 Bxa3 27. Qc4 c5 28. Ne4 Qd5 29. Qa4 Bb7 30. Qe8+ Kh7 31. Rf8 1-0

[Event "Albena Masters op"]
[Site "Albena"]
[Date "2012.05.27"]
[Round "2"]
[White "Carlsson, Pontus"]
[Black "Shishkov, Minko"]
[Result "1-0"]
[WhiteElo "2531"]
[BlackElo "2293"]
[PlyCount "72"]
[EventDate "2012.05.26"]
[EventType "swiss"]
[EventRounds "9"]
[EventCountry "BUL"]
[SourceTitle "CBM 148 Extra"]
[Source "ChessBase"]
[SourceDate "2012.06.22"]
[SourceVersion "1"]
[SourceVersionDate "2012.06.22"]
[SourceQuality "1"]

1. e4 g6 2. d4 Bg7 3. Nc3 c6 4. Nf3 d6 5. h3 b5 6. Be3 Nd7 7. Qd2 Bb7 8. Bd3 Qc7 9. 0-0 b4 10. Ne2 c5 11. c3 bxc3 12. bxc3 Ngf6 13. Ng3 0-0 14. Bh6 Rac8 15. Qg5 e6 16. e5 dxe5 17. Bxg7 Kxg7 18. dxe5 Ng8 19. Be4 h6 20. Qf4 Bd5 21. Rfd1 Nb6 22. Qg4 Kh8 23. h4 Qe7 24. Qf4 Rfd8 25. a4 Bb3 26. Rxd8 Rxd8 27. a5 Nd5 28. Bxd5 Bxd5 29. Nd2 f5 30. exf6 Qxf6 31. Qe3 Qxh4 32. c4 Ba8 33. Nde4 Nf6 34. Nxf6 Qxf6 35. Re1 Kg7 36. Qxc5 Qf4 1-0

[Event "Varna op 5th"]
[Site "Varna"]
[Date "2011.07.09"]
[Round "8"]
[White "Georgiev, Vladimir"]
[Black "Shishkov, Minko"]
[Result "1-0"]
[WhiteElo "2559"]
[BlackElo "2295"]
[PlyCount "78"]
[EventDate "2011.07.03"]
[EventType "swiss"]
[EventRounds "9"]
[EventCountry "BUL"]
[SourceTitle "CBM 143 Extra"]
[Source "ChessBase"]
[SourceDate "2011.08.29"]
[SourceVersion "1"]
[SourceVersionDate "2011.08.29"]
[SourceQuality "1"]

1. d4 g6 2. e4 Bg7 3. Nf3 d6 4. Bc4 e6 5. Bb3 Ne7 6. Nc3 a6 7. h4 h6 8. Be3 Nd7 9. Qd2 Nf6 10. Nh2 d5 11. e5 Ne4 12. Nxe4 dxe4 13. h5 g5 14. 0-0-0 Bd7 15. Ng4 Nd5 16. c4 Nxe3 17. Qxe3 Qe7 18. Qxe4 0-0-0 19. Rhe1 Kb8 20. f3 Bc6 21. Qc2 b6 22. Kb1 Bb7 23. a3 Rd7 24. c5 bxc5 25. dxc5 Rxd1+ 26. Rxd1 Bc6 27. Ba4 Bd5 28. c6 Ka7 29. Bb3 Rb8 30. Bxd5 exd5 31. Qc3 Bf8 32. Rxd5 Qxa3 33. Qd4+ Ka8 34. Rd8 Qb3 35. Ne3 Be7 36. Rxb8+ Qxb8 37. Qd7 Ba3 38. Nc4 Bc5 39. Kc2 Qb5 1-0

[Event "BUL-chT 61th"]
[Site "Albena"]
[Date "2011.06.05"]
[Round "4.1"]
[White "Shishkov, Minko"]
[Black "Gochev, Mladen"]
[Result "1/2-1/2"]
[WhiteElo "2286"]
[BlackElo "2284"]
[PlyCount "118"]
[EventDate "2011.06.02"]
[EventType "team-tourn"]
[EventRounds "7"]
[EventCountry "BUL"]
[SourceTitle "CBM 142 Extra"]
[Source "ChessBase"]
[SourceDate "2011.06.27"]
[SourceVersion "1"]
[SourceVersionDate "2011.06.27"]
[SourceQuality "1"]
[WhiteTeam "Razgrad Abritus"]
[BlackTeam "Sofia CSKA"]
[WhiteTeamCountry "BUL"]
[BlackTeamCountry "BUL"]

1. d4 Nf6 2. c4 c5 3. d5 g6 4. Nc3 Bg7 5. e4 d6 6. h3 0-0 7. Nf3 Na6 8. Bd3 Nc7 9. 0-0 e6 10. Bg5 e5 11. Nd2 Bd7 12. a3 a5 13. a4 Na6 14. Nb5 Nb4 15. Bb1 Qb6 16. g4 Rae8 17. Ra3 Kh8 18. Rg3 Ng8 19. Qf3 f6 20. Be3 Bh6 21. h4 Bxe3 22. Qxe3 Kg7 23. f4 h6 24. f5 g5 25. Rh3 gxh4 26. Rxh4 Kf7 27. Kf2 Re7 28. Rc1 Ke8 29. Nb3 Rg7 30. Kf3 Kd8 31. Rhh1 Kc8 32. Bd3 Be8 33. Be2 Kb8 34. Kf2 Qd8 35. Nxc5 dxc5 36. Qxc5 Bxb5 37. Qxb5 Ka7 38. c5 b6 39. Rc4 bxc5 40. Rxc5 Rb7 41. Qxa5+ Qxa5 42. Rxa5+ Kb8 43. Rc1 Rc8 44. Ra8+ Kxa8 45. Rxc8+ Rb8 46. Rc7 Rb7 47. Rc8+ Rb8 48. Rc7 Rb7 49. Rc8+ Rb8 50. Rxb8+ Kxb8 51. Kg3 Ne7 52. Bc4 Nc8 53. Be2 Nd6 54. Bf3 Nd3 55. Kh4 Nf4 56. b4 Ka7 57. Kg3 Nd3 58. Kh4 Nf4 59. Kg3 Nd3 1/2-1/2

[Event "Varna op 4th"]
[Site "Varna"]
[Date "2010.06.17"]
[Round "6"]
[White "Shishkov, Minko"]
[Black "Panbukchian, Valentin"]
[Result "0-1"]
[WhiteElo "2277"]
[BlackElo "2381"]
[PlyCount "96"]
[EventDate "2010.06.12"]
[EventType "swiss"]
[EventRounds "9"]
[EventCountry "BUL"]
[SourceTitle "CBM 136 Extra"]
[Source "ChessBase"]
[SourceDate "2010.07.02"]
[SourceVersion "2"]
[SourceVersionDate "2010.07.15"]
[SourceQuality "1"]

1. d4 f5 2. Bg5 d6 3. e3 g6 4. Bc4 Bg7 5. c3 Nf6 6. Nd2 e5 7. Qb3 Qe7 8. 0-0-0 Nbd7 9. Qa3 c6 10. dxe5 dxe5 11. Qxe7+ Kxe7 12. f4 b5 13. Bb3 h6 14. Bh4 e4 15. Ne2 Nc5 16. Bc2 a5 17. Nd4 Bd7 18. N2b3 Nb7 19. g4 a4 20. Nd2 c5 21. Ne2 Be6 22. gxf5 gxf5 23. Rhg1 Kf7 24. Ng3 Rhg8 25. Bxf6 Bxf6 26. Ndxe4 fxe4 27. f5 Bc8 28. Bxe4 Rd8 29. Bd5+ Ke7 30. Ne4 Rb8 31. Nxf6 Kxf6 32. e4 Ke5 33. Rg7 Nd6 34. Re7+ Kf6 35. Rh7 Bd7 36. Rxh6+ Ke5 37. Rh7 c4 38. a3 Rbc8 39. h4 Be8 40. Re7+ Kf4 41. Rd4 Ke3 42. Be6 Rb8 43. e5 Ne4 44. Bd7 Nc5 45. Rxe8 Rxe8 46. Bxe8 Rxe8 47. Rd5 Nd3+ 48. Kc2 Rg8 0-1

[Event "Solingen Karneval op"]
[Site "Solingen"]
[Date "2010.02.14"]
[Round "4"]
[White "Granz, Thomas"]
[Black "Shishkov, Minko"]
[Result "1-0"]
[WhiteElo "1735"]
[BlackElo "2286"]
[PlyCount "67"]
[EventDate "2010.02.12"]
[EventType "swiss"]
[EventRounds "5"]
[EventCountry "GER"]
[SourceTitle "CBM 134 Extra"]
[Source "ChessBase"]
[SourceDate "2010.03.03"]
[SourceVersion "1"]
[SourceVersionDate "2010.03.03"]
[SourceQuality "1"]

1. e4 e6 2. Nf3 d5 3. exd5 exd5 4. d4 c5 5. Be3 Qb6 6. b3 Nf6 7. Bd3 Nc6 8. 0-0 Bd7 9. Re1 0-0-0 10. c3 h6 11. a4 a5 12. Na3 Be7 13. Nb5 Na7 14. c4 dxc4 15. bxc4 Bg4 16. d5 Nxb5 17. axb5 Qc7 18. h3 Bxf3 19. Qxf3 Bd6 20. Bd2 b6 21. Bc3 Be7 22. Be5 Qb7 23. Bf5+ Nd7 24. Bxg7 Rhg8 25. Bxh6 Bf6 26. Bxd7+ Qxd7 27. Qxf6 Qxh3 28. Qc6+ Kb8 29. Bf4+ Ka7 30. Re7+ Rd7 31. Rxd7+ Qxd7 32. Qxd7+ Ka8 33. Qc6+ Ka7 34. Qc7+ 1-0

[Event "Solingen Karneval op"]
[Site "Solingen"]
[Date "2010.02.12"]
[Round "1"]
[White "Shishkov, Minko"]
[Black "Speck, Stefan"]
[Result "0-1"]
[WhiteElo "2286"]
[BlackElo "2031"]
[PlyCount "110"]
[EventDate "2010.02.12"]
[EventType "swiss"]
[EventRounds "5"]
[EventCountry "GER"]
[SourceTitle "CBM 134 Extra"]
[Source "ChessBase"]
[SourceDate "2010.03.03"]
[SourceVersion "1"]
[SourceVersionDate "2010.03.03"]
[SourceQuality "1"]

1. d4 d6 2. c4 f5 3. Nc3 Nf6 4. Nf3 g6 5. Bf4 Bg7 6. g3 0-0 7. Bg2 c6 8. 0-0 Qe8 9. Re1 Nh5 10. Bc1 e5 11. dxe5 dxe5 12. e4 f4 13. b3 Na6 14. Bb2 Bg4 15. h3 Bxf3 16. Bxf3 Rd8 17. Qe2 fxg3 18. fxg3 Nxg3 19. Qg2 Nh5 20. Bxh5 gxh5 21. Ne2 Rf6 22. Kh1 Rg6 23. Qf3 Nc5 24. Rad1 Ne6 25. Bc1 Rxd1 26. Rxd1 Nd4 27. Nxd4 exd4 28. Bb2 c5 29. Re1 Qe5 30. Re2 Qg5 31. Qf2 Be5 32. Qg2 Qh4 33. Qf1 Rg3 34. Rh2 Qxe4+ 35. Rg2 h4 36. Bc1 Kg7 37. Bd2 Kg6 38. Be1 Qxg2+ 39. Qxg2 Rxg2 40. Kxg2 Kf5 41. Kf3 Bg3 42. Bd2 h5 43. Ba5 Be5 44. Bd2 Bf6 45. Bc1 Bg5 46. Bxg5 Kxg5 47. Ke4 d3 48. Kxd3 Kf4 49. Ke2 Kg3 50. Ke3 Kxh3 51. Kf3 Kh2 52. Kf2 h3 53. a3 a5 54. Kf1 Kg3 55. Kg1 Kf3 0-1

[Event "Baharov Memorial op 17th"]
[Site "Sofia"]
[Date "2009.11.19"]
[Round "2"]
[White "Kostov, Nikolai"]
[Black "Shishkov, Minko"]
[Result "0-1"]
[WhiteElo "1967"]
[BlackElo "2246"]
[PlyCount "80"]
[EventDate "2009.11.18"]
[EventType "swiss"]
[EventRounds "7"]
[EventCountry "BUL"]
[SourceTitle "CBM 133 Extra"]
[Source "ChessBase"]
[SourceDate "2010.01.05"]
[SourceVersion "1"]
[SourceVersionDate "2010.01.05"]
[SourceQuality "1"]

1. d4 g6 2. g3 Bg7 3. Bg2 c5 4. e3 Nf6 5. Ne2 0-0 6. 0-0 Na6 7. d5 d6 8. c4 Rb8 9. Nbc3 Nc7 10. a4 e6 11. e4 exd5 12. exd5 a6 13. a5 b5 14. axb6 Rxb6 15. h3 h5 16. b3 Bf5 17. Bg5 Qb8 18. Bf4 Rd8 19. Ra3 Qc8 20. Kh2 Qd7 21. Re1 Re8 22. Na4 Rbb8 23. Nc1 Ne4 24. Ra2 g5 25. Bxe4 gxf4 26. Bxf5 Qxf5 27. Rxe8+ Rxe8 28. Qd3 fxg3+ 29. fxg3 Qxd3 30. Nxd3 Re3 31. Nc1 Be5 32. Rg2 h4 33. Ne2 Rxb3 34. Nf4 Kf8 35. Ne2 Rb4 36. Nac3 hxg3+ 37. Kh1 Rxc4 38. Nd1 Nxd5 39. Nxg3 Rc1 40. Rg1 Bxg3 0-1

[Event "Baharov Memorial op 17th"]
[Site "Sofia"]
[Date "2009.11.18"]
[Round "1"]
[White "Shishkov, Minko"]
[Black "Spassov, Borislav"]
[Result "1-0"]
[WhiteElo "2246"]
[BlackElo "1714"]
[PlyCount "47"]
[EventDate "2009.11.18"]
[EventType "swiss"]
[EventRounds "7"]
[EventCountry "BUL"]
[SourceTitle "CBM 133 Extra"]
[Source "ChessBase"]
[SourceDate "2010.01.05"]
[SourceVersion "1"]
[SourceVersionDate "2010.01.05"]
[SourceQuality "1"]

1. d4 Nf6 2. c4 g6 3. Nc3 Bg7 4. e4 d6 5. h3 0-0 6. Bg5 Nbd7 7. Nf3 h6 8. Be3 c6 9. Be2 e5 10. d5 cxd5 11. cxd5 a6 12. Nd2 b5 13. b4 Nb6 14. a4 Nxa4 15. Nxa4 bxa4 16. Rxa4 Bb7 17. 0-0 Qc7 18. Qb1 Rfc8 19. Nc4 Nd7 20. Rc1 Qb8 21. Na5 Rxc1+ 22. Qxc1 Kh7 23. Nxb7 Qxb7 24. Qc6 1-0

[Event "Dimitrovgrad op 1st"]
[Site "Dimitrovgrad"]
[Date "2009.09.05"]
[Round "3"]
[White "Ljangov, Petar"]
[Black "Shishkov, Minko"]
[Result "1/2-1/2"]
[WhiteElo "2099"]
[BlackElo "2265"]
[PlyCount "104"]
[EventDate "2009.09.05"]
[EventType "swiss"]
[EventRounds "7"]
[EventCountry "BUL"]
[SourceTitle "CBM 132 Extra"]
[Source "ChessBase"]
[SourceDate "2009.11.03"]
[SourceVersion "1"]
[SourceVersionDate "2009.11.03"]
[SourceQuality "1"]

1. c4 g6 2. e4 Bg7 3. Ne2 c5 4. d4 d6 5. dxc5 Qa5+ 6. Nec3 Qxc5 7. Be3 Qa5 8. Be2 Nf6 9. 0-0 Nc6 10. Nd2 0-0 11. Nb3 Qd8 12. f3 b6 13. Rc1 Bb7 14. Qd2 Nd7 15. Rfd1 Nc5 16. Nd4 Ne6 17. Nxc6 Bxc6 18. Nd5 Re8 19. b3 Rc8 20. Qe1 Qd7 21. Qh4 Qb7 22. Nb4 Bb2 23. Rb1 Bf6 24. Qf2 Red8 25. Nd5 Bg7 26. Qh4 Rd7 27. Nb4 Bf6 28. Qf2 Be5 29. g3 Bg7 30. c5 bxc5 31. Ba6 Qxb4 32. Bxc8 Rc7 33. Bxe6 fxe6 34. Qd2 Qb7 35. Bh6 Bh8 36. Qf4 Qc8 37. Qd2 Bd4+ 38. Be3 e5 39. Bxd4 exd4 40. Rbc1 e5 41. Rf1 Bb5 42. Rf2 Qb7 43. Qg5 Kg7 44. h4 h6 45. Qd2 Rf7 46. Re1 Qd7 47. Kg2 Qe6 48. Rh1 Bc6 49. Qe2 Qd7 50. Qe1 Qe6 51. Qe2 Qd7 52. Qe1 Qb7 1/2-1/2